| 000 | 00455nam a2200169 i 4500 | ||
|---|---|---|---|
| 001 | bg | ||
| 100 | 1 | _aAUGUSTI, Giuliano | |
| 245 | 0 |
_aProbabilistic methods in structural engineering / _cG. Augusti, A. Baratta, F. Casciati. |
|
| 260 |
_aLondon, _c1984. |
||
| 700 | 1 | _aBARATTA, Alessandro | |
| 700 | 1 | _aCASCIATI, Fabio | |
| 040 | _cBPK | ||
| 041 | _apol | ||
| 080 | _a624:539.3/.6:519.85 | ||
| 942 | _cKS | ||
| 008 | s pl f |000 0 pol | ||
| 999 |
_c28205 _d28205 |
||
| 856 |
_uhttp://koha.tu.koszalin.pl/cgi-bin/koha/opac-detail.pl?biblionumber=28205 _yKatalog online BPK |
||